| 000 | 00388nam a2200145Ia 4500 | ||
|---|---|---|---|
| 008 | 260330s9999 xx 000 0 und d | ||
| 020 | _a9.7881943587e+012 | ||
| 082 |
_a658.8 _bVER/M |
||
| 100 | _aVerma, Harsh V. | ||
| 245 | 0 | _aMarketing Management and Human Resource Management | |
| 250 | _a1st | ||
| 260 |
_aNew Delhi _bOxford University Press _c2024 |
||
| 300 | _a230p. | ||
| 942 | _cBK | ||
| 999 |
_c53580 _d53580 |
||